| 000 | 00821nam a22002537a 4500 | ||
|---|---|---|---|
| 999 |
_c894 _d894 |
||
| 003 | AR-CdUCM | ||
| 008 | 190225b ||||| |||| 00| 0 spa d | ||
| 040 |
_aMUNICIPALIDAD PROVINCIAL DEL CUSCO _cBIBLIOTECA MUNICIPAL DEL CUSCO |
||
| 082 |
_a985.74 / _bW14 |
||
| 100 |
_aWahl Kleiser, Lissie _93437 |
||
| 245 |
_aLa región del Madre de Dios : _bBibliografía anotada / |
||
| 260 |
_aCusco : _bCentro Bartolome de las Casas, _c1991. |
||
| 300 |
_a304 páginas ; _c21 cm. |
||
| 440 |
_aDebates andinos _n20 _93438 |
||
| 650 |
_aBibliografía _91484 |
||
| 650 |
_aGeográfico _93439 |
||
| 650 |
_aCronológico _93440 |
||
| 700 |
_aRummenhoeller, Klaus _93441 |
||
| 700 |
_aCárdenas, Clara _93442 |
||
| 700 |
_aFuertes, Aurelia _93443 |
||
| 700 |
_aZevallos, Pilar _93444 |
||
| 942 |
_2ddc _cLIBROS |
||
| 945 |
_aafb _d2019-02-25 |
||